<?xml version="1.0" encoding="UTF-8"?>
<record
    xmlns:xsi="http://www.w3.org/2001/XMLSchema-instance"
    xsi:schemaLocation="http://www.loc.gov/MARC21/slim http://www.loc.gov/standards/marcxml/schema/MARC21slim.xsd"
    xmlns="http://www.loc.gov/MARC21/slim">

  <leader>00782nam a22001577a 4500</leader>
  <controlfield tag="003">OSt</controlfield>
  <controlfield tag="005">20150915160744.0</controlfield>
  <controlfield tag="008">150915b        xxu||||| |||| 00| 0 eng d</controlfield>
  <datafield tag="040" ind1=" " ind2=" ">
    <subfield code="c">RUA</subfield>
  </datafield>
  <datafield tag="082" ind1=" " ind2=" ">
    <subfield code="a">AGR HAO 2002 B028 Or.1</subfield>
  </datafield>
  <datafield tag="100" ind1=" " ind2=" ">
    <subfield code="9">538</subfield>
    <subfield code="a">HAO, PHA.</subfield>
  </datafield>
  <datafield tag="245" ind1=" " ind2=" ">
    <subfield code="a">Impact of world vision cambodia development works in oudong district kompong speu province on thae target groups &#x17A5;&#x1791;&#x17D2;&#x1792;&#x17B7;&#x1796;&#x179B;&#x1793;&#x17C3;&#x1780;&#x17B6;&#x179A;&#x1784;&#x17B6;&#x179A;&#x17A2;&#x1797;&#x17B7;&#x179C;&#x178C;&#x17D2;&#x178D;&#x1793;&#x17CD;&#x179A;&#x1794;&#x179F;&#x17CB;&#x17A2;&#x1784;&#x17D2;&#x1782;&#x1780;&#x17B6;&#x179A;&#x1791;&#x179F;&#x17D2;&#x179F;&#x1793;&#x17C8;&#x1796;&#x17B7;&#x1797;&#x1796;&#x179B;&#x17C4;&#x1780;&#x1780;&#x1798;&#x17D2;&#x1796;&#x17BB;&#x1787;&#x17B6; &#x179F;&#x17D2;&#x179A;&#x17BB;&#x1780;&#x17A7;&#x178A;&#x17D2;&#x178A;&#x17BB;&#x1784; &#x1781;&#x17C1;&#x178F;&#x17D2;&#x178A;&#x1780;&#x17C6;&#x1796;&#x1784;&#x17CB;&#x179F;&#x17D2;&#x1796;&#x17BA; &#x1791;&#x17C5;&#x179B;&#x17BE;&#x1780;&#x17D2;&#x179A;&#x17BB;&#x1798;&#x1782;&#x17C4;&#x178A;&#x17C5;&#x179A;&#x1794;&#x179F;&#x17CB;&#x17A2;&#x1784;&#x17D2;&#x1782;&#x1780;&#x17B6;&#x179A;</subfield>
  </datafield>
  <datafield tag="260" ind1=" " ind2=" ">
    <subfield code="a">Phnom Penh </subfield>
    <subfield code="b">RUA</subfield>
    <subfield code="c">2002</subfield>
  </datafield>
  <datafield tag="300" ind1=" " ind2=" ">
    <subfield code="a">72p.</subfield>
    <subfield code="b">ill.</subfield>
    <subfield code="c">29cm.</subfield>
  </datafield>
  <datafield tag="942" ind1=" " ind2=" ">
    <subfield code="2">ddc</subfield>
    <subfield code="c">AGR</subfield>
  </datafield>
  <datafield tag="999" ind1=" " ind2=" ">
    <subfield code="c">518</subfield>
    <subfield code="d">518</subfield>
  </datafield>
  <datafield tag="952" ind1=" " ind2=" ">
    <subfield code="0">0</subfield>
    <subfield code="1">0</subfield>
    <subfield code="2">ddc</subfield>
    <subfield code="4">0</subfield>
    <subfield code="6">AGR_HAO_2002_000000000000000_B028_OR_1</subfield>
    <subfield code="7">0</subfield>
    <subfield code="9">2455</subfield>
    <subfield code="a">LBB</subfield>
    <subfield code="b">LBB</subfield>
    <subfield code="c">B028</subfield>
    <subfield code="d">2015-09-15</subfield>
    <subfield code="o">AGR HAO 2002 B028 Or.1</subfield>
    <subfield code="p">RUA002810</subfield>
    <subfield code="r">2015-09-15</subfield>
    <subfield code="w">2015-09-15</subfield>
    <subfield code="y">AGR</subfield>
  </datafield>
  <datafield tag="952" ind1=" " ind2=" ">
    <subfield code="0">0</subfield>
    <subfield code="1">0</subfield>
    <subfield code="2">ddc</subfield>
    <subfield code="4">0</subfield>
    <subfield code="6">AGR_HAO_2002_000000000000000_B028_OR_2</subfield>
    <subfield code="7">0</subfield>
    <subfield code="9">2456</subfield>
    <subfield code="a">LBB</subfield>
    <subfield code="b">LBB</subfield>
    <subfield code="c">B028</subfield>
    <subfield code="d">2015-09-15</subfield>
    <subfield code="o">AGR HAO 2002 B028 Or.2</subfield>
    <subfield code="p">RUA002738</subfield>
    <subfield code="r">2015-09-15</subfield>
    <subfield code="w">2015-09-15</subfield>
    <subfield code="y">AGR</subfield>
  </datafield>
  <datafield tag="952" ind1=" " ind2=" ">
    <subfield code="0">0</subfield>
    <subfield code="1">0</subfield>
    <subfield code="2">ddc</subfield>
    <subfield code="4">0</subfield>
    <subfield code="6">AGR_HAO_2002_000000000000000_B028_OR_3</subfield>
    <subfield code="7">0</subfield>
    <subfield code="9">2457</subfield>
    <subfield code="a">LBB</subfield>
    <subfield code="b">LBB</subfield>
    <subfield code="c">B028</subfield>
    <subfield code="d">2015-09-15</subfield>
    <subfield code="o">AGR HAO 2002 B028 Or.3</subfield>
    <subfield code="p">RUA002948</subfield>
    <subfield code="r">2015-09-15</subfield>
    <subfield code="w">2015-09-15</subfield>
    <subfield code="y">AGR</subfield>
  </datafield>
  <datafield tag="952" ind1=" " ind2=" ">
    <subfield code="0">0</subfield>
    <subfield code="1">0</subfield>
    <subfield code="2">ddc</subfield>
    <subfield code="4">0</subfield>
    <subfield code="6">AGR_HAO_2002_000000000000000_B028_OR_4</subfield>
    <subfield code="7">0</subfield>
    <subfield code="9">2458</subfield>
    <subfield code="a">LBB</subfield>
    <subfield code="b">LBB</subfield>
    <subfield code="c">B028</subfield>
    <subfield code="d">2015-09-15</subfield>
    <subfield code="l">1</subfield>
    <subfield code="o">AGR HAO 2002 B028 Or.4</subfield>
    <subfield code="p">RUA002882</subfield>
    <subfield code="r">2016-06-25</subfield>
    <subfield code="s">2016-06-11</subfield>
    <subfield code="w">2015-09-15</subfield>
    <subfield code="y">AGR</subfield>
  </datafield>
  <datafield tag="952" ind1=" " ind2=" ">
    <subfield code="0">0</subfield>
    <subfield code="1">0</subfield>
    <subfield code="2">ddc</subfield>
    <subfield code="4">0</subfield>
    <subfield code="6">AGR_HAO_2002_000000000000000_B028_OR_5</subfield>
    <subfield code="7">0</subfield>
    <subfield code="9">2459</subfield>
    <subfield code="a">LBB</subfield>
    <subfield code="b">LBB</subfield>
    <subfield code="c">B028</subfield>
    <subfield code="d">2015-09-15</subfield>
    <subfield code="o">AGR HAO 2002 B028 Or.5</subfield>
    <subfield code="p">RUA002876</subfield>
    <subfield code="r">2015-09-15</subfield>
    <subfield code="w">2015-09-15</subfield>
    <subfield code="y">AGR</subfield>
  </datafield>
  <datafield tag="952" ind1=" " ind2=" ">
    <subfield code="0">0</subfield>
    <subfield code="1">0</subfield>
    <subfield code="2">ddc</subfield>
    <subfield code="4">0</subfield>
    <subfield code="6">AGR_HAO_2002_000000000000000_B028_OR_1</subfield>
    <subfield code="7">0</subfield>
    <subfield code="9">105682</subfield>
    <subfield code="a">LBB</subfield>
    <subfield code="b">LBB</subfield>
    <subfield code="c">B028</subfield>
    <subfield code="d">2025-07-23</subfield>
    <subfield code="o">AGR HAO 2002 B028 Or.1</subfield>
    <subfield code="p">A083713</subfield>
    <subfield code="r">2025-07-23</subfield>
    <subfield code="w">2025-07-23</subfield>
    <subfield code="y">AGR</subfield>
  </datafield>
</record>
